| 000 | 00893cab a22001935a 4500 | ||
|---|---|---|---|
| 001 | L157233 | ||
| 008 | 121002e2012 xxk 000 0 eng d | ||
| 035 | _a(Sirsi) u157233 | ||
| 041 | 0 | _aeng | |
| 100 | 1 | _aUnger, Paul | |
| 245 | 0 | 0 |
_aMarkets _bNorth-east |
| 260 | _c2012 | ||
| 490 | 0 |
_aProperty Week _v78(39) 28 September 2012, 47-54(4) |
|
| 520 | _aOverview of the latest commercial property activity in the region: developer Silverlink hopes to conclude a forward-funding deal at its Stephenson Quarter development in central Newcastle; UK Land Estates and Highcross celebrate the first year of their joint venture with void rates declining at their Team Valley Trading Estate; and the planning process for a biomass hub at Port of Blyth has moved on with a decision expected in mid-2013. | ||
| 590 | _aKA | ||
| 651 | 4 | _aEngland | |
| 690 |
_aCommercial property _96227 |
||
| 942 | _n0 | ||
| 999 |
_c84307 _d84307 |
||